| 000 | 01407nam a22003617a 4500 | ||
|---|---|---|---|
| 003 | CHAP | ||
| 005 | 20220329143304.0 | ||
| 008 | 080219d2007 us abd r 00110 eng d | ||
| 010 | _a94466 | ||
| 011 | _a95438 | ||
| 020 | _a978578083169 | ||
| 035 | _a106064 | ||
| 040 | _cCHAP | ||
| 082 | 0 | 4 |
_a632.8 _bA84 |
| 100 | 1 |
_aAstier, S. _98175 |
|
| 245 | 1 | 0 |
_aPrinciples of plant virology : _bgenome, pathogenicity, virus ecology _c/by S. Astier [and others] |
| 260 |
_aEnfield, New Hampshire : _bScience Publishers, _c2007 |
||
| 300 |
_axxi, 472 p. : _bilus. ; gráfs. ; cuadros |
||
| 590 |
_aBATCH-UPD _b10 _c20130110 _lUCH01 _h0830 |
||
| 590 |
_aBATCH-UPD _b10 _c20130410 _lUCH01 _h0508 |
||
| 590 |
_aBATCH-UPD _b10 _c20130914 _lUCH01 _h1045 |
||
| 590 |
_aCONVERSION _b10 _c20130109 _lUCH01 _h1352 |
||
| 650 | 1 | 4 |
_aControl biológico de enfermedades. _927579 |
| 650 | 1 | 4 |
_aFitopatología. _941161 |
| 650 | 1 | 4 |
_aPlantas _xEnfermedades por virus. _988834 |
| 650 | 1 | 4 |
_aVirus. _9119936 |
| 901 | _aBK | ||
| 942 | _cLIBRO | ||
| 949 |
_a632.8 A84Y _bBC _cLIBRO _d33724002048850 _eLIBRO _gI.c/e _h109074 _i106064 _si _t$602.25 |
||
| 949 |
_a632.8 A84Y _bBC _cLIBRO _d33724002048892 _eLIBRO _fc.2 _gI.c/e _h109075 _i106064 _si _t$602.25 |
||
| 949 |
_a632.8 A84Y _bBC _cLIBRO _d33724002069413 _eLIBRO _fc.3 _gI.c/e _h109790 _i106064 _si _t$605.00 |
||
| 949 |
_a632.8 A84Y _bBC _cLIBRO _d33724002069454 _eLIBRO _fc.4 _gI.c/e _h109791 _i106064 _si _t$605.00 |
||
| 999 |
_c94466 _d94466 |
||